Statistics for Uzbekistan Airways-Tashkent

Click here to take the quiz!

General Stats

  • This quiz has been taken 15 times
  • The average score is 30 of 52

Answer Stats

Country Airport % Correct
RussiaSt Petersburg
100%
UAEDubai
100%
SingaporeSingapore
100%
TurkeyIstanbul
100%
JapanTokyo-Narita
100%
RussiaMoscow-Vnukovo
100%
ItalyMilan-Malpensa
100%
IndiaDelhi
100%
UKLondon-Heathrow
100%
FranceParis
100%
ChinaBeijing
100%
IndiaMumbai
90%
GermanyFrankfurt
90%
ItalyRome
90%
USANew York
90%
KazakhstanAstana
90%
ThailandBangkok
90%
MalaysiaKuala Lumpur
90%
BelarusMinsk
90%
South KoreaSeoul
80%
Saudi ArabiaJeddah
80%
AzerbaijanBaku
80%
PakistanLahore
80%
IsraelTel Aviv
80%
RussiaKazan
70%
KazakhstanAlmaty
70%
KyrgyzstanBishkek
60%
RussiaYekaterinburg
60%
TajikistanDushanbe
50%
RussiaNovosibirsk
50%
UzbekistanSamarkand
50%
RussiaSamara
50%
RussiaVladivostok
50%
RussiaRostov-on-Don
30%
UzbekistanNukus
30%
UzbekistanBukhara
30%
ChinaUrumqi
30%
UAESharjah
30%
UzbekistanUrgench
20%
RussiaKrasnoyarsk
20%
RussiaUfa
20%
RussiaSochi
20%
RussiaKrasnodar
20%
RussiaVoronezh
10%
IndiaAmritsar
10%
RussiaTyumen
10%
UzbekistanFergana
10%
UzbekistanNamangan
10%
UzbekistanTermez
10%
RussiaKaliningrad
0%
UzbekistanNavoiy
0%
RussiaMineralnye Vody
0%

Score Distribution

Percentile by Number Answered

Percent of People with Each Score

Your Score History

You have not taken this quiz